Comedias / (Record no. 129229)

MARC details
000 -LEADER
campo de control de longitud fija 00617nam a2200193 i 4500
001 - NÚMERO DE CONTROL
campo de control 129229
003 - IDENTIFICADOR DE NÚMERO DE CONTROL
campo de control ES-MaACL
005 - FECHA Y HORA DE LA ÚLTIMA TRANSACCIÓN
campo de control 20230906193449.0
007 - CAMPO FIJO DE DESCRIPCIÓN FÍSICA--INFORMACIÓN GENERAL
campo de control de longitud fija t|
008 - DATOS DE LONGITUD FIJA--INFORMACIÓN GENERAL
campo de control de longitud fija 070608s1961 sp ||||1| spa d
080 ## - NÚMERO DE LA CLASIFICACIÓN DECIMAL UNIVERSAL
Número de la Clasificación Decimal Universal 821.124-22"-01"
100 1# - ENTRADA PRINCIPAL--NOMBRE DE PERSONA
Nombre de persona Terencio Africano, Publio.
9 (RLIN) 109734
245 10 - MENCIÓN DEL TÍTULO
Título Comedias /
Mención de responsabilidad, etc. Publio Terencio Africano ; texto revisado y traducido por Lisardo Rubio.
260 ## - PUBLICACIÓN, DISTRIBUCIÓN, ETC.
Lugar de publicación, distribución, etc. Barcelona :
Nombre del editor, distribuidor, etc. Alma Mater,
Fecha de publicación, distribución, etc. 1961.
300 ## - DESCRIPCIÓN FÍSICA
Extensión 2 v. ;
Dimensiones 25 cm.
505 8# - NOTA DE CONTENIDO CON FORMATO
Nota de contenido con formato Contiene: El heautontimorúmenos. Formión.
700 1# - ENTRADA AGREGADA--NOMBRE PERSONAL
Nombre de persona Rubio Fernández, Lisardo.
9 (RLIN) 100408
852 ## - LOCALIZACIÓN
Ubicación ES-MaACL
Número de control de estantería E-4753-4
Sublocalización o colección R.45160
Holdings
Estatus retirado Estado de pérdida Estado de daño No para préstamo Biblioteca de origen Biblioteca actual Ubicación en estantería Fecha de adquisición Fuente de adquisición Total de préstamos Signatura topográfica completa Código de barras Visto por última vez Precio de reemplazo Tipo de ítem Koha
        Biblioteca del Ateneo de Madrid Biblioteca del Ateneo de Madrid Depósito 2 17/01/2008     E-4753-4 1134576 23/02/2023 23/02/2023 Libro impreso